แสดงรายละเอียดบรรณานุกรม
  กลับหน้าหลัก

Brief Record : Get Marc (ISO 2709) : E-mail record : QR code ปิดหน้าต่าง
E-books : เกี่ยวกับ Collections
LEADER 00000nam 2200000uu 4500
001    208560
003     ULIBM
008    121108s2555||||th 000 0 tha d
020    ^a9789747533408
040    ^abcnkk
060  4 ^aWQ209^bข284 2555
245 10 ^aข้อแนะนำเรื่องสิ่งตรวจพบที่ปกติและผิดปกติจากการตรวจคลื่นเสียงความถี่สูงของทารกในครรภ์ =^bNormal and abnormal findings in fetal scan /^cโดย คณะอนุกรรมการอนามัยแม่และเด็ก วาระปี พ.ศ. 2553-2555 ; [บรรณาธิการ จุฑาวดี วุฒิวงศ์ .. และคนอื่นๆ ]
246 30 ^aสิ่งตรวจพบที่ปกติและผิดปกติจากการตรวจคลื่นเสียงความถี่สูงของทารกในครรภ์ =^bNormal and abnormal findings in fetal scan
250    ^aพิมพ์ครั้งแรก
260    ^aกรุงเทพฯ :^bราชวิทยาลัยสูตินรีแพทย์แห่งประเทศไทย,^c2555
300    ^a48 หน้า :^bภาพประกอบ
650  4 ^aการวินิจฉัยด้วยคลื่นเสียงความถี่สูง^xในวัยทารกและเด็ก
650  4 ^aการวินิจฉัยด้วยคลื่นเหนือเสียง^xในวัยทารกและเด็ก
650  4 ^aคลื่นเสียงความถี่สูง^xในวัยทารกและเด็ก
650  4 ^aคลื่นเหนือเสียง^xในวัยทารกและเด็ก
650  4 ^aคลื่นเหนือเสียงทางสูติศาสตร์
650  4 ^aทารกในครรภ์
700 0  ^aจุฑาวดี วุฒิวงศ์,^eบรรณาธิการ
710 2  ^aคณะอนุกรรมการอนามัยแม่และเด็ก วาระปี พ.ศ. 2553-2555
999    ^aใช้งานได้ทุกระบบ
รายการนี้ยังไม่มีแท็ก
คุณยังไม่ได้ล็อกอิน คุณสามารถมีกิจกรรมร่วมกับเว็บไซต์ได้ แต่ต้องล็อกอินก่อน ::
  ล็อกอิน
ลำดับที่ ประเภท เลขเรียก สถานที่ สถานะ
1. หนังสือทั่วไป
หนังสือทั่วไป
สถานะ=หนังสือเก่า - บริการ ณ ห้องสมุด (ห้องเหลือง)
WQ209 ข284 2555 ฉ.3 
  
ห้องสมุด หอพักนักศึกษา (ห้องเหลือง) On Shelf
  ขอยืม
Note:ปีงบประมาณ 2555
2. หนังสือทั่วไป
หนังสือทั่วไป
สถานะ=หนังสือเก่า - บริการ ณ ห้องสมุด (ห้องเหลือง)
WQ209 ข284 2555 ฉ.4 
  
ห้องสมุด หอพักนักศึกษา (ห้องเหลือง) On Shelf
  ขอยืม
Note:ปีงบประมาณ 2555
3. หนังสือทั่วไป
หนังสือทั่วไป
WQ209 ข284 2555 ฉ.5 
  
หนังสือทั่วไป On Shelf
  ขอยืม
Note:ปีงบประมาณ 2555
   [แสดง 5/5 รายการ]

รายการใกล้เคียง
    หัวเรื่อง [ทารกในครรภ์]

BibComment


ยังไม่เคยถูกคอมเมนท์

คอมเมนท์ทรัพยากรรายการนี้
  คอมเมนท์: ข้อแนะนำเรื่องสิ..
Bib 208560

 
 
 

 Union Library Management : ULibM
Copyright 2026. All Rights Reserved.
скачать бесплатно без регистрации порно красивый секс HD Sex Hindi sex

xxx gou

xxxx

bfxxx

xxxwww

Секса Видео

xxxx

Секса Видео

detube

geilexxx

C99 Shell

worms shell

blod xxx video
Ebony Coed Rihanna Rimes Takes A Dick In Her Young Twat priyaa indian fuck anal and pusssy hardcore indian women xxx desi hardcore fucking part 1 bengalixxxcouple